Подробности
| 000 -МАРКЕР |
| контрольное поле |
01555nam2a2200337 4500 |
| 001 - ИДЕНТИФИКАТОР ЗАПИСИ |
| контрольное поле |
RU\NLR\BIBL_A\010923659 |
| 005 - ИДЕНТИФИКАТОР ВЕРСИИ |
| контрольное поле |
20250624202051.0 |
| 010 ## - МЕЖДУНАРОДНЫЙ СТАНДАРТНЫЙ НОМЕР КНИГИ (ISBN) |
| Номер (ISBN) |
978-5-8041-0807-7 |
| Тираж |
2000 |
| 021 ## - НОМЕР ГОСУДАРСТВЕННОЙ РЕГИСТРАЦИИ |
| Код страны |
российская федерация |
| Номер |
2015-92286 |
| Номер Листа государственной регистраци |
5689 |
| 035 ## - ДРУГИЕ СИСТЕМНЫЕ НОМЕРА |
| Идентификатор записи |
(NLR Aleph) 010923659 |
| 100 ## - ДАННЫЕ ОБЩЕЙ ОБРАБОТКИ |
| Данные общей обработки |
20151211d2015 |||y0rusy50 ca |
| 101 0# - ЯЗЫК РЕСУРСА |
| Язык текста, звукозаписи и т.д. |
английский |
| 102 ## - СТРАНА ПУБЛИКАЦИИ ИЛИ ПРОИЗВОДСТВА |
| Страна публикации |
российская федерация |
| 105 ## - ПОЛЕ КОДИРОВАННЫХ ДАННЫХ: ТЕКСТОВЫЕ МАТЕРИАЛЫ, МОНОГРАФИЧЕСКИЕ |
| Кодированные данные о монографическом текстовом документе |
ac z 000yy |
| 200 1# - ЗАГЛАВИЕ И СВЕДЕНИЯ ОБ ОТВЕТСТВЕННОСТИ |
| Основное заглавие |
Extremism in Ukrainian politics, society, media, defense and law enforcement |
| Первые сведения об ответственности |
[auth.: Byshok Stanislav Olegovich, Valyaev Evgeniy Yuryevich, Krugletskiy Oleg Vyacheslavovich, Prostakov Sergey Vadimovich] |
| 210 ## - ПУБЛИКАЦИЯ, РАСПРОСТРАНЕНИЕ И ДР. |
| Дата издания, распространения и т.д. |
2015 |
| Место издания, распространения и т.д. |
Б. м. |
| 215 ## - ФИЗИЧЕСКАЯ ХАРАКТЕРИСТИКА |
| Специфическое обозначение материала и объем |
255 c., [4] л. цв. ил., портр. |
| Другие сведения о физической характеристике |
ил. |
| 300 ## - ОБЩИЕ ПРИМЕЧАНИЯ |
| Текст примечания |
Авт. указаны на с. 5 |
| 461 #0 - УРОВЕНЬ НАБОРА |
| Встроенное поле |
001RU\NLR\BIBL_A\010944185 |
| -- |
2001#$aExpert report$fPublic diplomacy foundation$vIss. 1 |
| Системный номер (АБИС) связанной записи |
10761642 |
| Место публикации |
Moscow |
| Дата публикации |
2015 |
| Первые сведения об ответственности |
Public diplomacy foundation |
| Имя издателя, распространителя и т.д. |
Public diplomacy |
| Заглавие |
Expert report |
| Номер тома |
Iss. 1 |
| 541 1# - ПЕРЕВОД ЗАГЛАВИЯ, СДЕЛАННЫЙ КАТАЛОГИЗАТОРОМ |
| Заглавие |
Экстремизм в украинской политике, обществе, СМИ, обороны и правопорядка |
| 606 1# - НАИМЕНОВАНИЕ ТЕМЫ КАК ПРЕДМЕТ |
| Наименование темы |
Экстремизм |
| Географический подзаголовок |
Украина |
| Системный номер авторитетной/нормативной записи |
2287763 |
| Идентификатор авторитетной/нормативной записи |
RU\NLR\AUTH\6601598027 |
| 686 1# - ИНДЕКСЫ ДРУГИХ КЛАССИФИКАЦИЙ |
| Индекс |
Ф3(2Ук)12 |
| 701 #1 - ИМЯ ЛИЦА - АЛЬТЕРНАТИВНАЯ ОТВЕТСТВЕННОСТЬ |
| Графика поля |
Латинская |
| Материалы, к которым относится поле |
rus |
| Начальный элемент ввода |
Byšok |
| Часть имени, кроме начального элемента ввода |
S. O. |
| Даты |
1984- |
| Расширение инициалов личного имени |
Stanislav Olegovič |
| Системный номер авторитетной/нормативной записи |
149239 |
| Идентификатор авторитетной/нормативной записи |
RU\NLR\AUTH\770149275 |
| 701 #1 - ИМЯ ЛИЦА - АЛЬТЕРНАТИВНАЯ ОТВЕТСТВЕННОСТЬ |
| Начальный элемент ввода |
Valjaev |
| Часть имени, кроме начального элемента ввода |
E. J. |
| Расширение инициалов личного имени |
Evgenij Jur'evič |
| 701 #1 - ИМЯ ЛИЦА - АЛЬТЕРНАТИВНАЯ ОТВЕТСТВЕННОСТЬ |
| Начальный элемент ввода |
Krugleckij |
| Часть имени, кроме начального элемента ввода |
O.V. |
| Расширение инициалов личного имени |
Oleg Vjačeslavovič |
| 701 #1 - ИМЯ ЛИЦА - АЛЬТЕРНАТИВНАЯ ОТВЕТСТВЕННОСТЬ |
| Начальный элемент ввода |
Prostakov |
| Часть имени, кроме начального элемента ввода |
S.V. |
| Расширение инициалов личного имени |
Sergej Vadimovič |
| 942 ## - ДОПОЛНИТЕЛЬНЫЕ ЭЛЕМЕНТЫ ЗАПИСИ (АБИС) |
| Тип экземпляра АБИС |
Книга |
| 980 ## - КОЛЛЕКЦИЯ |
| Название коллекции |
Национальная библиография |